000 00477nam a2200181Ia 4500
008 090123s9999 xx 000 0 und d
082 _b10039
_a891.463/नंदा
100 _aनंदा गुलशन
245 _aसीमा
250 _a1
260 _bमनोरंजन
_c1977
300 _a133
600 _aनंदा गुलशन
630 _aसीमा
700 _aनंदा गुलशन
730 _aसीमा
942 _cBOOK
999 _c48105
_d48105